[Event "Abe Yanofsky mem U1800"]
[Site "Winnipeg CAN"]
[Date "2007.09.01"]
[Round "3"]
[White "Kwiatek, Jordan"]
[Black "Anderson, George"]
[Result "1/2-1/2"]
[WhiteElo "1791"]
[BlackElo "1536"]
[PlyCount "78"]
[GameId "2160767910579551"]
[EventDate "2007.09.01"]
[EventType "swiss"]
[EventRounds "5"]
[EventCountry "CAN"]
[SourceTitle "EXT 2022"]
[Source "ChessBase"]
[SourceDate "2021.10.06"]
[SourceVersion "1"]
[SourceVersionDate "2021.10.06"]
[SourceQuality "1"]

1. d4 b6 2. e4 Bb7 3. Bd3 e6 4. Nf3 c5 5. Nc3 cxd4 6. Nxd4 Nc6 7. Be3 Nf6 8. O-O Bb4 9. Nde2 Ne5 10. f4 Bxc3 11. Nxc3 Nxd3 12. Qxd3 d5 13. exd5 Nxd5 14. Rad1 O-O 15. Bd4 Nxc3 16. Qxc3 Qd5 17. Qg3 f6 18. Bxf6 Qxg2+ 19. Qxg2 Bxg2 20. Bxg7 Bxf1 21. Bxf8 Rxf8 22. Rxf1 Rf7 23. Kg2 Kg7 24. Kf3 Kf6 25. Ke4 Rd7 26. Rf2 Rc7 27. b3 a5 28. c4 Rc5 29. Rd2 Rh5 30. a3 b5 31. Rc2 bxc4 32. bxc4 Ke7 33. c5 Kd7 34. c6+ Kc7 35. a4 Rf5 36. h3 Rh5 37. Rc3 Rf5 38. Rc4 Rh5 39. Rc3 Rf5 1/2-1/2

[Event "Abe Yanofsky mem U1800"]
[Site "Winnipeg CAN"]
[Date "2007.09.01"]
[Round "3"]
[White "Magnusson, Saul"]
[Black "Swift, Ryne"]
[Result "0-1"]
[WhiteElo "1056"]
[BlackElo "1127"]
[PlyCount "75"]
[GameId "2160767910579552"]
[EventDate "2007.09.01"]
[EventType "swiss"]
[EventRounds "5"]
[EventCountry "CAN"]
[SourceTitle "EXT 2022"]
[Source "ChessBase"]
[SourceDate "2021.10.06"]
[SourceVersion "1"]
[SourceVersionDate "2021.10.06"]
[SourceQuality "1"]

1. e4 e5 2. Nf3 Nc6 3. Bb5 a6 4. Ba4 Nf6 5. O-O Be7 6. Re1 d6 7. c3 Bd7 8. d4 exd4 9. cxd4 O-O 10. h3 Qe8 11. Nc3 Qc8 12. Nd5 Re8 13. Bd2 Bd8 14. Qc2 Nxd5 15. exd5 Rxe1+ 16. Rxe1 Ne7 17. Bb3 Ng6 18. h4 Bxh4 19. Nxh4 Nxh4 20. Qe4 Ng6 21. Re3 Qe8 22. Qf3 Qf8 23. Qh5 h6 24. Rf3 Qc8 25. Rg3 Qf8 26. Rf3 Re8 27. Bc2 Kh7 28. g4 Re2 29. Rd3 Re4 30. f3 Re7 31. Rc3 Re2 32. Rd3 Bb5 33. Bxh6 gxh6 34. Rc3 c6 35. f4 Re1+ 36. Kf2 Rf1+ 37. Kg2 Rc1 38. f5 0-1

[Event "Abe Yanofsky mem U1800"]
[Site "Winnipeg CAN"]
[Date "2007.09.01"]
[Round "3"]
[White "Sigurdson, Matthew"]
[Black "Webb, Calvin"]
[Result "1-0"]
[WhiteElo "1363"]
[BlackElo "1666"]
[PlyCount "31"]
[GameId "2160767910579554"]
[EventDate "2007.09.01"]
[EventType "swiss"]
[EventRounds "5"]
[EventCountry "CAN"]
[SourceTitle "EXT 2022"]
[Source "ChessBase"]
[SourceDate "2021.10.06"]
[SourceVersion "1"]
[SourceVersionDate "2021.10.06"]
[SourceQuality "1"]

1. e4 e6 2. d4 d5 3. exd5 exd5 4. Nf3 Nf6 5. c4 c6 6. Nc3 Be6 7. Qb3 b6 8. a4 Nbd7 9. Bd3 Be7 10. Bf4 O-O 11. O-O dxc4 12. Bxc4 Bxc4 13. Qxc4 Qc8 14. Rfe1 Bd8 15. Bd6 Re8 16. Ng5 1-0

[Event "Abe Yanofsky mem U1800"]
[Site "Winnipeg CAN"]
[Date "2007.09.01"]
[Round "3"]
[White "Tait, Bruce"]
[Black "Crawford, Gary"]
[Result "0-1"]
[WhiteElo "1195"]
[BlackElo "1282"]
[PlyCount "98"]
[GameId "2160767910579555"]
[EventDate "2007.09.01"]
[EventType "swiss"]
[EventRounds "5"]
[EventCountry "CAN"]
[SourceTitle "EXT 2022"]
[Source "ChessBase"]
[SourceDate "2021.10.06"]
[SourceVersion "1"]
[SourceVersionDate "2021.10.06"]
[SourceQuality "1"]

1. Nf3 Nf6 2. b3 d5 3. Bb2 Nc6 4. e3 a6 5. c4 Bg4 6. d4 e6 7. Nbd2 Bb4 8. Be2 dxc4 9. a3 Bxd2+ 10. Nxd2 Bxe2 11. Qxe2 cxb3 12. Nxb3 Qd5 13. Nc5 Qxg2 14. O-O-O O-O 15. Nxb7 Nxd4 16. Bxd4 Qxb7 17. Rhg1 Qc6+ 18. Qc2 Qxc2+ 19. Kxc2 Nh5 20. Rb1 g6 21. Rb7 Rfc8 22. Rgb1 Ng7 23. e4 Ne8 24. e5 Ng7 25. Kc3 Nf5 26. Bc5 Nh4 27. Be7 Nf3 28. Bf6 Nxh2 29. f4 Ng4 30. Be7 h5 31. Kc4 Ne3+ 32. Kc5 Nd5 33. Bg5 a5 34. R1b2 Kg7 35. R2b3 Rh8 36. Rd3 Rhb8 37. Rb5 a4 38. Rd4 Rxb5+ 39. Kxb5 Nc3+ 40. Kc6 Rb8 41. Bf6+ Kh7 42. Rd7 Kg8 43. Kxc7 Ra8 44. Kb7 Re8 45. Rd3 Ne4 46. Rd8 Rxd8 47. Bxd8 Kf8 48. Ba5 h4 49. Bb4+ Ke8 0-1

[Event "Abe Yanofsky mem U1800"]
[Site "Winnipeg CAN"]
[Date "2007.09.01"]
[Round "3"]
[White "Trueman, Francis"]
[Black "Taylor, Evan"]
[Result "1/2-1/2"]
[WhiteElo "1533"]
[BlackElo "1393"]
[PlyCount "74"]
[GameId "2160767740941027"]
[EventDate "2007.09.01"]
[EventType "swiss"]
[EventRounds "5"]
[EventCountry "CAN"]

1. Nf3 Nf6 2. d3 d5 3. Nbd2 c6 4. g3 Bg4 5. Bg2 e6 6. O-O Nbd7 7. Re1 Bd6 8. e4 Bxf3 9. Nxf3 e5 10. c3 O-O 11. Qe2 Re8 12. h4 h6 13. Nh2 Nb6 14. h5 Kf8 15. g4 Nbd7 16. Kh1 Nh7 17. Rg1 Kg8 18. Nf3 Kf8 19. Bh3 Be7 20. Rg2 Ng5 21. Nxg5 Bxg5 22. Bd2 Bxd2 23. Qxd2 dxe4 24. dxe4 Nf6 25. Qe3 Qb6 26. Qxb6 axb6 27. f3 Red8 28. a3 Rd3 29. Rf2 Nxe4 30. fxe4 Rxh3+ 31. Kg2 Re3 32. Rd1 Rxe4 33. Kh3 Raa4 34. Rd8+ Ke7 35. Rfd2 Kf6 36. b3 Re3+ 37. Kh4 Rae4 {I had to invent17...Kg8 and 18...Kf8 because it was clear to me that two Black's moves were not recorded. The final position is pretty close to one I had seen during the game. AN} 1/2-1/2

[Event "Abe Yanofsky mem U1800"]
[Site "Winnipeg CAN"]
[Date "2007.09.02"]
[Round "4"]
[White "Anderson, George"]
[Black "Green, Aaron"]
[Result "1/2-1/2"]
[WhiteElo "1536"]
[BlackElo "1521"]
[PlyCount "36"]
[GameId "2160767910579556"]
[EventDate "2007.09.01"]
[EventType "swiss"]
[EventRounds "5"]
[EventCountry "CAN"]
[SourceTitle "EXT 2022"]
[Source "ChessBase"]
[SourceDate "2021.10.06"]
[SourceVersion "1"]
[SourceVersionDate "2021.10.06"]
[SourceQuality "1"]

1. e4 c5 2. a3 Nc6 3. Nf3 d6 4. Nc3 a6 5. h3 Nf6 6. d3 g6 7. Nd5 Bg7 8. Be2 Nxd5 9. exd5 Nd4 10. c3 Nxe2 11. Qxe2 O-O 12. c4 h6 13. Rb1 Re8 14. O-O Rb8 15. b4 Qc7 16. Bb2 Bxb2 17. Rxb2 b5 18. Qd2 Kh7 1/2-1/2

[Event "Abe Yanofsky mem U1800"]
[Site "Winnipeg CAN"]
[Date "2007.09.02"]
[Round "4"]
[White "Crawford, Gary"]
[Black "Trueman, Francis"]
[Result "0-1"]
[WhiteElo "1282"]
[BlackElo "1533"]
[PlyCount "59"]
[GameId "2160767910579558"]
[EventDate "2007.09.01"]
[EventType "swiss"]
[EventRounds "5"]
[EventCountry "CAN"]
[SourceTitle "EXT 2022"]
[Source "ChessBase"]
[SourceDate "2021.10.06"]
[SourceVersion "1"]
[SourceVersionDate "2021.10.06"]
[SourceQuality "1"]

1. e4 d6 2. Nf3 Nf6 3. Nc3 g6 4. d4 Bg7 5. h3 O-O 6. Bc4 Nbd7 7. O-O e5 8. Bg5 c6 9. Qd2 Qc7 10. Bh6 b5 11. Bd3 Rb8 12. Ne2 exd4 13. Ng3 Nc5 14. Qg5 Nxd3 15. cxd3 c5 16. h4 Bxh6 17. Qxh6 Ng4 18. Qf4 f6 19. Rfe1 Ne5 20. Nxe5 dxe5 21. Qd2 c4 22. Rec1 Be6 23. Qc2 Rbc8 24. dxc4 Bxc4 25. Nf1 Qf7 26. a4 Rfd8 27. Ra3 Qe7 28. Nd2 d3 29. Rxd3 Bxd3 30. Qb3+ 0-1

[Event "Abe Yanofsky mem U1800"]
[Site "Winnipeg CAN"]
[Date "2007.09.02"]
[Round "4"]
[White "Gannon, Keith"]
[Black "Atem, James"]
[Result "1-0"]
[WhiteElo "1644"]
[BlackElo "1753"]
[PlyCount "127"]
[GameId "2160767910579560"]
[EventDate "2007.09.01"]
[EventType "swiss"]
[EventRounds "5"]
[EventCountry "CAN"]
[SourceTitle "EXT 2022"]
[Source "ChessBase"]
[SourceDate "2021.10.06"]
[SourceVersion "1"]
[SourceVersionDate "2021.10.06"]
[SourceQuality "1"]

1. e4 c5 2. Nf3 Nc6 3. c3 a6 4. d4 cxd4 5. Nxd4 Ne5 6. Nd2 Nf6 7. Be2 e6 8. O-O Bc5 9. b4 Bxd4 10. cxd4 Nc6 11. Bb2 Nxb4 12. Re1 O-O 13. Ba3 Nc6 14. Bxf8 Qxf8 15. Qa4 d6 16. f3 Bd7 17. Qc4 b5 18. Qc3 Qb8 19. a3 Qa7 20. Nb3 g6 21. Kh1 Rc8 22. Qd2 Kg7 23. Red1 Rb8 24. Na5 Ne7 25. Rac1 Qb6 26. Qb4 Nh5 27. g3 Nc8 28. Rd2 Na7 29. Rdc2 e5 30. dxe5 dxe5 31. Bf1 Qf6 32. Kg2 Qg5 33. Kh1 Re8 34. Qd2 Qxd2 35. Rxd2 Be6 36. Rd6 Nc8 37. Rxa6 Ne7 38. Bxb5 Rd8 39. a4 Bh3 40. Bf1 Bxf1 41. Rxf1 Rd4 42. Nb3 Rb4 43. Nc5 Nf6 44. Nd3 Rb3 45. Nxe5 Nc8 46. Rc6 Ne7 47. Rc7 Nfg8 48. a5 Rb5 49. Nc4 Kf6 50. f4 h6 51. a6 Rb8 52. a7 Rd8 53. Nb6 h5 54. a8=Q Rxa8 55. Nxa8 Ke6 56. Rfc1 f5 57. e5 g5 58. Nb6 gxf4 59. gxf4 h4 60. Rd1 h3 61. Rd3 Nh6 62. Rd6+ Kf7 63. Rxh6 Kg8 64. Rxe7 1-0

[Event "Abe Yanofsky mem U1800"]
[Site "Winnipeg CAN"]
[Date "2007.09.02"]
[Round "4"]
[White "Green, Leah"]
[Black "Taylor, Evan"]
[Result "0-1"]
[WhiteElo "1250"]
[BlackElo "1393"]
[PlyCount "96"]
[GameId "2160767910579561"]
[EventDate "2007.09.01"]
[EventType "swiss"]
[EventRounds "5"]
[EventCountry "CAN"]
[SourceTitle "EXT 2022"]
[Source "ChessBase"]
[SourceDate "2021.10.06"]
[SourceVersion "1"]
[SourceVersionDate "2021.10.06"]
[SourceQuality "1"]

1. e4 c6 2. g3 d5 3. d3 e5 4. Nf3 Bg4 5. Bg2 Nf6 6. Nc3 Bb4 7. Qe2 Bxf3 8. Bxf3 d4 9. a3 Bd6 10. Na4 b5 11. Bd2 bxa4 12. Bb4 c5 13. Bd2 Nc6 14. c3 O-O 15. O-O Rb8 16. Rab1 Rb7 17. Rfc1 Qd7 18. Qe1 Rfb8 19. Bg5 Be7 20. Qd1 Na5 21. Bxf6 Bxf6 22. Bg4 Qd6 23. Qxa4 Bg5 24. Rc2 Nc6 25. c4 g6 26. Qa6 Rb6 27. Qa4 Kg7 28. b3 R8b7 29. Rcb2 h5 30. Bc8 Rb8 31. Ba6 Na5 32. b4 Qc7 33. b5 Nc6 34. Qc2 Nd8 35. a4 Ne6 36. a5 Rd6 37. h4 Bd8 38. Ra1 f6 39. f3 Kf7 40. Qg2 Be7 41. g4 Nf4 42. Qf2 Nxd3 43. Qd2 Nxb2 44. Qxb2 Rxa6 45. Qc1 Rxa5 46. Rxa5 Qxa5 47. Qh6 d3 48. Qh7+ Ke6 0-1

[Event "Abe Yanofsky mem U1800"]
[Site "Winnipeg CAN"]
[Date "2007.09.02"]
[Round "4"]
[White "Letain, Cory"]
[Black "Magnusson, Saul"]
[Result "0-1"]
[WhiteElo "1350"]
[BlackElo "1056"]
[PlyCount "73"]
[GameId "2160767910579563"]
[EventDate "2007.09.01"]
[EventType "swiss"]
[EventRounds "5"]
[EventCountry "CAN"]
[SourceTitle "EXT 2022"]
[Source "ChessBase"]
[SourceDate "2021.10.06"]
[SourceVersion "1"]
[SourceVersionDate "2021.10.06"]
[SourceQuality "1"]

1. d4 d5 2. c4 e6 3. Nf3 Nf6 4. a3 c6 5. e3 Nbd7 6. Nc3 Be7 7. Bd3 O-O 8. O-O h6 9. Qc2 Qc7 10. c5 Re8 11. Bd2 a5 12. b4 Bd8 13. b5 b6 14. bxc6 Qxc6 15. Bb5 Qc7 16. c6 Nb8 17. Ne5 Ba6 18. Rac1 Qd6 19. Bxa6 Nxa6 20. Nb5 Qf8 21. Qd3 Nc7 22. Rc2 Nxb5 23. Qxb5 Bc7 24. Nd7 Qd6 25. Nxf6+ gxf6 26. f4 e5 27. Qe2 exd4 28. Qg4+ Kf8 29. Qd7 dxe3 30. Qxd6+ Bxd6 31. Bc1 Rac8 32. g3 Bc5 33. Kg2 Rxc6 34. Bb2 f5 35. Be5 Rec8 36. Rfc1 e2 37. Bf6 0-1

[Event "Abe Yanofsky mem U1800"]
[Site "Winnipeg CAN"]
[Date "2007.09.02"]
[Round "4"]
[White "Raihman, Daniel"]
[Black "Goodman, Clifford"]
[Result "1-0"]
[WhiteElo "1736"]
[BlackElo "1587"]
[PlyCount "59"]
[GameId "2160767910579565"]
[EventDate "2007.09.01"]
[EventType "swiss"]
[EventRounds "5"]
[EventCountry "CAN"]
[SourceTitle "EXT 2022"]
[Source "ChessBase"]
[SourceDate "2021.10.06"]
[SourceVersion "1"]
[SourceVersionDate "2021.10.06"]
[SourceQuality "1"]

1. e4 c5 2. Nf3 d6 3. d4 cxd4 4. Nxd4 Nf6 5. Nc3 a6 6. Be2 e6 7. Be3 b5 8. a3 Bb7 9. f3 Be7 10. Qd2 Nbd7 11. O-O-O Qa5 12. Nb3 Qc7 13. Bf4 e5 14. Be3 Nb6 15. Na5 Nbd7 16. Nxb7 Qxb7 17. g4 b4 18. axb4 Qxb4 19. Nb1 Qxd2+ 20. Rxd2 O-O 21. g5 Ne8 22. h4 f6 23. Bc4+ Kh8 24. Nc3 fxg5 25. hxg5 Rxf3 26. Nd5 Bd8 27. Rdh2 Nf8 28. Rxh7+ Nxh7 29. g6 Nef6 30. Nxf6 1-0

[Event "Abe Yanofsky mem U1800"]
[Site "Winnipeg CAN"]
[Date "2007.09.02"]
[Round "4"]
[White "Swift, Ryne"]
[Black "Campbell, Gary"]
[Result "0-1"]
[WhiteElo "1127"]
[BlackElo "1714"]
[PlyCount "50"]
[GameId "2160767910579566"]
[EventDate "2007.09.01"]
[EventType "swiss"]
[EventRounds "5"]
[EventCountry "CAN"]
[SourceTitle "EXT 2022"]
[Source "ChessBase"]
[SourceDate "2021.10.06"]
[SourceVersion "1"]
[SourceVersionDate "2021.10.06"]
[SourceQuality "1"]

1. e4 c5 2. Nf3 Nc6 3. d4 cxd4 4. Nxd4 Nf6 5. Nc3 e5 6. Nf3 Bb4 7. Bd3 O-O 8. Bd2 Re8 9. O-O Ba5 10. a3 a6 11. b4 Bb6 12. Bg5 h6 13. Bh4 d6 14. Nd5 g5 15. Nxg5 hxg5 16. Bxg5 Re6 17. Nxf6+ Rxf6 18. Bxf6 Qxf6 19. c3 Be6 20. Rb1 Ne7 21. Qe2 Rc8 22. c4 Ng6 23. Rfc1 Nf4 24. c5 Qg5 25. g3 Nh3+ 0-1

[Event "Abe Yanofsky mem U1800"]
[Site "Winnipeg CAN"]
[Date "2007.09.02"]
[Round "4"]
[White "Tuason, Alfred"]
[Black "Green, Jim"]
[Result "1/2-1/2"]
[WhiteElo "1409"]
[BlackElo "1753"]
[PlyCount "57"]
[GameId "2160767910579567"]
[EventDate "2007.09.01"]
[EventType "swiss"]
[EventRounds "5"]
[EventCountry "CAN"]
[SourceTitle "EXT 2022"]
[Source "ChessBase"]
[SourceDate "2021.10.06"]
[SourceVersion "1"]
[SourceVersionDate "2021.10.06"]
[SourceQuality "1"]

1. b3 e5 2. Bb2 d6 3. c4 Nf6 4. e3 g6 5. Nf3 Bg7 6. Be2 O-O 7. O-O Ne8 8. Nc3 e4 9. Nd4 f5 10. Rb1 c5 11. Nc2 Nf6 12. d3 d5 13. Nxd5 Nxd5 14. Bxg7 Nxe3 15. fxe3 Kxg7 16. dxe4 fxe4 17. Rxf8 Qxf8 18. Qd5 Nc6 19. h3 Bf5 20. Qd1 Rd8 21. Qe1 Ne5 22. Rd1 Rxd1 23. Qxd1 Qe7 24. g4 Bd7 25. Ne1 h5 26. Ng2 hxg4 27. Bxg4 Bxg4 28. hxg4 Qg5 29. Nf4 1/2-1/2

[Event "Abe Yanofsky mem U1800"]
[Site "Winnipeg CAN"]
[Date "2007.09.02"]
[Round "4"]
[White "Webb, Calvin"]
[Black "Gibson, Fred"]
[Result "1/2-1/2"]
[WhiteElo "1666"]
[BlackElo "1347"]
[PlyCount "135"]
[GameId "2160767910579568"]
[EventDate "2007.09.01"]
[EventType "swiss"]
[EventRounds "5"]
[EventCountry "CAN"]
[SourceTitle "EXT 2022"]
[Source "ChessBase"]
[SourceDate "2021.10.06"]
[SourceVersion "1"]
[SourceVersionDate "2021.10.06"]
[SourceQuality "1"]

1. d4 Nf6 2. c4 g6 3. Nc3 Bg7 4. e4 d6 5. Bd3 e5 6. d5 O-O 7. Nge2 Ne8 8. Qc2 f5 9. Bd2 f4 10. f3 Qh4+ 11. Kd1 g5 12. Be1 Qh6 13. Kd2 g4 14. Ng1 g3 15. h3 Nf6 16. b4 Ng4 17. Kc1 Ne3 18. Qe2 a5 19. b5 b6 20. a4 Nd7 21. Rb1 Nc5 22. Bc2 Bd7 23. Nd1 Nxd1 24. Qxd1 Rf6 25. Bd2 Rg6 26. Qf1 Bf6 27. Kd1 Bh4 28. Kc1 Qg5 29. Kd1 Rf8 30. Ke2 Rh6 31. Qe1 Nb7 32. Qf1 Qd8 33. Bd3 Qc8 34. Bc2 Rh5 35. Rc1 Rf6 36. Rb1 Rfh6 37. Rc1 Bf6 38. Rb1 Nd8 39. Bd3 Nf7 40. Bc2 Ng5 41. Kd3 Nxh3 42. Nxh3 Bxh3 43. Qe2 Bd7 44. Rxh5 Rxh5 45. Rg1 Rh2 46. Qf1 h5 47. Bd1 Kf7 48. Rh1 Rxh1 49. Qxh1 Qh8 50. Be2 h4 51. Bf1 Qg7 52. Be1 h3 53. gxh3 Bxh3 54. Qxh3 Qg5 55. Bg2 Qh4 56. Ke2 Qxh3 57. Bxh3 Kg6 58. Kf1 Kh5 59. Kg2 Bh4 60. Bg4+ Kh6 61. Kh3 Bf6 62. Kg2 Bh4 63. Kh3 Bf6 64. Kg2 Bh4 65. Kh3 g2 66. Kxg2 Bxe1 67. Kh3 Kg5 68. Bd7 1/2-1/2

[Event "Abe Yanofsky mem U1800"]
[Site "Winnipeg CAN"]
[Date "2007.09.02"]
[Round "5"]
[White "Atem, James"]
[Black "Tuason, Alfred"]
[Result "0-1"]
[WhiteElo "1753"]
[BlackElo "1409"]
[PlyCount "43"]
[GameId "2160767910579570"]
[EventDate "2007.09.01"]
[EventType "swiss"]
[EventRounds "5"]
[EventCountry "CAN"]
[SourceTitle "EXT 2022"]
[Source "ChessBase"]
[SourceDate "2021.10.06"]
[SourceVersion "1"]
[SourceVersionDate "2021.10.06"]
[SourceQuality "1"]

1. e4 e6 2. d4 d5 3. e5 c5 4. c3 a6 5. Nf3 Nc6 6. Bd3 Bd7 7. O-O Be7 8. g3 f6 9. exf6 Nxf6 10. dxc5 O-O 11. b4 e5 12. Bc2 Bg4 13. h3 Bxh3 14. Ng5 Bxf1 15. Qxf1 e4 16. Ne6 Qd7 17. Nxf8 Rxf8 18. Bg5 Ng4 19. Bxe7 Qxe7 20. Qd1 Qf7 21. f4 exf3 22. Nd2 0-1

[Event "Abe Yanofsky mem U1800"]
[Site "Winnipeg CAN"]
[Date "2007.09.02"]
[Round "5"]
[White "Campbell, Gary"]
[Black "Hanrahan, Nigel"]
[Result "0-1"]
[WhiteElo "1714"]
[BlackElo "1648"]
[PlyCount "68"]
[GameId "2160767910579571"]
[EventDate "2007.09.01"]
[EventType "swiss"]
[EventRounds "5"]
[EventCountry "CAN"]
[SourceTitle "EXT 2022"]
[Source "ChessBase"]
[SourceDate "2021.10.06"]
[SourceVersion "1"]
[SourceVersionDate "2021.10.06"]
[SourceQuality "1"]

1. d4 c6 2. c4 d5 3. Nf3 Nf6 4. cxd5 cxd5 5. Nc3 Nc6 6. a3 e6 7. Bg5 Be7 8. e3 O-O 9. Bd3 h6 10. Bh4 Nh5 11. Bxe7 Qxe7 12. O-O Nf6 13. b4 a6 14. Rc1 e5 15. dxe5 Nxe5 16. Nd4 Nxd3 17. Qxd3 Be6 18. Na4 Rac8 19. Rc5 Nd7 20. Rcc1 b5 21. Nb2 Ne5 22. Qe2 Rxc1 23. Rxc1 Nc4 24. Nxc4 dxc4 25. Qf3 Rc8 26. Kf1 Qd7 27. Qd1 Bf5 28. Nxf5 Qxf5 29. Qd4 Qf6 30. Qxf6 gxf6 31. e4 Rd8 32. Rc3 Rd4 33. f3 Rd2 34. h4 Rb2 0-1

[Event "Abe Yanofsky mem U1800"]
[Site "Winnipeg CAN"]
[Date "2007.09.02"]
[Round "5"]
[White "Gibson, Fred"]
[Black "Swift, Ryne"]
[Result "0-1"]
[WhiteElo "1347"]
[BlackElo "1127"]
[PlyCount "44"]
[GameId "2160767910579573"]
[EventDate "2007.09.01"]
[EventType "swiss"]
[EventRounds "5"]
[EventCountry "CAN"]
[SourceTitle "EXT 2022"]
[Source "ChessBase"]
[SourceDate "2021.10.06"]
[SourceVersion "1"]
[SourceVersionDate "2021.10.06"]
[SourceQuality "1"]

1. e4 e5 2. Nf3 Nc6 3. Bb5 a6 4. Ba4 Nf6 5. d3 d6 6. O-O Bd7 7. c3 Be7 8. h3 O-O 9. Be3 Qe8 10. Bb3 Qc8 11. Kh2 Re8 12. Ng5 Rf8 13. d4 exd4 14. cxd4 h6 15. Nf3 Nxe4 16. Qd3 Nf6 17. Nc3 Re8 18. a3 Bf8 19. Bc2 Ne7 20. Nd2 Bf5 21. Nde4 Nxe4 22. Nxe4 d5 0-1

[Event "Abe Yanofsky mem U1800"]
[Site "Winnipeg CAN"]
[Date "2007.09.02"]
[Round "5"]
[White "Green, Aaron"]
[Black "Gannon, Keith"]
[Result "0-1"]
[WhiteElo "1521"]
[BlackElo "1644"]
[PlyCount "112"]
[GameId "2160767910579574"]
[EventDate "2007.09.01"]
[EventType "swiss"]
[EventRounds "5"]
[EventCountry "CAN"]
[SourceTitle "EXT 2022"]
[Source "ChessBase"]
[SourceDate "2021.10.06"]
[SourceVersion "1"]
[SourceVersionDate "2021.10.06"]
[SourceQuality "1"]

1. e4 d6 2. d4 Nf6 3. Nc3 e6 4. f4 Be7 5. Nf3 O-O 6. Bd3 b6 7. e5 Ne8 8. Be3 Bb7 9. Ne2 g6 10. c3 Nd7 11. Qc2 c5 12. Qd2 Bxf3 13. gxf3 Bh4+ 14. Ng3 cxd4 15. cxd4 dxe5 16. fxe5 Qc7 17. Rc1 Qd8 18. Ba6 Nc7 19. Bb7 Rb8 20. Be4 a5 21. O-O f6 22. f4 fxe5 23. fxe5 Rxf1+ 24. Rxf1 Qe7 25. Bh6 Rd8 26. Qf2 Bg5 27. Bxg5 Qxg5 28. Qf7+ Kh8 29. Qf4 Qxf4 30. Rxf4 Kg7 31. Bc6 Nf8 32. Ne2 Nd5 33. Bxd5 Rxd5 34. Nc3 Rd7 35. Kf2 g5 36. Re4 Ng6 37. Nb5 Nf4 38. Kf3 Nd5 39. Nd6 h6 40. a3 Kg6 41. h4 Rc7 42. hxg5 hxg5 43. Re2 Rc1 44. Rd2 Rf1+ 45. Rf2 Rd1 46. Nb5 Rd3+ 47. Ke2 Rb3 48. Nd6 Rxb2+ 49. Ke1 Rb3 50. Ra2 a4 51. Kf2 b5 52. Ra1 b4 53. Nb5 bxa3 54. Nxa3 Kf5 55. Nc4 Rb4 56. Nd6+ Kg6 0-1

[Event "Abe Yanofsky mem U1800"]
[Site "Winnipeg CAN"]
[Date "2007.09.02"]
[Round "5"]
[White "Kwiatek, Jordan"]
[Black "Raihman, Daniel"]
[Result "1/2-1/2"]
[WhiteElo "1791"]
[BlackElo "1736"]
[PlyCount "71"]
[GameId "2160767910579576"]
[EventDate "2007.09.01"]
[EventType "swiss"]
[EventRounds "5"]
[EventCountry "CAN"]
[SourceTitle "EXT 2022"]
[Source "ChessBase"]
[SourceDate "2021.10.06"]
[SourceVersion "1"]
[SourceVersionDate "2021.10.06"]
[SourceQuality "1"]

1. c4 e6 2. g3 Nf6 3. Bg2 d5 4. Nf3 Be7 5. O-O O-O 6. b3 c5 7. d3 Nc6 8. Nbd2 Qc7 9. Bb2 Rd8 10. cxd5 exd5 11. d4 b6 12. Rc1 Nd7 13. e4 Ba6 14. Re1 Nb4 15. exd5 Nf6 16. Nc4 Nxa2 17. Ra1 Nb4 18. Nfe5 Nfxd5 19. Bxd5 Rxd5 20. Bc3 cxd4 21. Qf3 dxc3 22. Qxf7+ Kh8 23. Ng6+ hxg6 24. Rxe7 Qxe7 25. Qxe7 Rad8 26. Qxb4 c2 27. Ne3 Rd1+ 28. Nxd1 Rxd1+ 29. Kg2 Bb7+ 30. f3 Rxa1 31. Qh4+ Kg8 32. Qc4+ Bd5 33. Qc8+ Kf7 34. Qd7+ Kg8 35. Qc8+ Kh7 36. Qh3+ 1/2-1/2

[Event "Abe Yanofsky mem U1800"]
[Site "Winnipeg CAN"]
[Date "2007.09.02"]
[Round "5"]
[White "Sigurdson, Matthew"]
[Black "Goodman, Clifford"]
[Result "1/2-1/2"]
[WhiteElo "1363"]
[BlackElo "1587"]
[PlyCount "58"]
[GameId "2160767910579578"]
[EventDate "2007.09.01"]
[EventType "swiss"]
[EventRounds "5"]
[EventCountry "CAN"]
[SourceTitle "EXT 2022"]
[Source "ChessBase"]
[SourceDate "2021.10.06"]
[SourceVersion "1"]
[SourceVersionDate "2021.10.06"]
[SourceQuality "1"]

1. e4 c6 2. d4 d5 3. exd5 cxd5 4. Nf3 Nf6 5. Be2 Bg4 6. O-O e6 7. Bf4 Bd6 8. Bxd6 Qxd6 9. h3 Bxf3 10. Bxf3 Nc6 11. c3 O-O 12. Qd3 Rfe8 13. Bd1 a6 14. Nd2 Ne7 15. Nf3 Ng6 16. Bc2 e5 17. dxe5 Nxe5 18. Nxe5 Rxe5 19. Rfe1 Rae8 20. Rxe5 Qxe5 21. Rd1 Qe2 22. Qf5 g6 23. Qxf6 Qxc2 24. Rxd5 Qxb2 25. Rd7 Rf8 26. Qd4 Qxa2 27. Rxb7 Rc8 28. Ra7 Qa1+ 29. Kh2 Qxc3 1/2-1/2

[Event "Abe Yanofsky mem U1800"]
[Site "Winnipeg CAN"]
[Date "2007.09.02"]
[Round "5"]
[White "Tait, Bruce"]
[Black "Green, Leah"]
[Result "1-0"]
[WhiteElo "1195"]
[BlackElo "1250"]
[PlyCount "67"]
[GameId "2160767910579579"]
[EventDate "2007.09.01"]
[EventType "swiss"]
[EventRounds "5"]
[EventCountry "CAN"]
[SourceTitle "EXT 2022"]
[Source "ChessBase"]
[SourceDate "2021.10.06"]
[SourceVersion "1"]
[SourceVersionDate "2021.10.06"]
[SourceQuality "1"]

1. c4 e5 2. Nc3 Nf6 3. e3 Nc6 4. d4 d6 5. g3 g6 6. Nge2 Bg7 7. Bg2 Be6 8. d5 Bg4 9. dxc6 Bxe2 10. Qxe2 b6 11. O-O O-O 12. b3 Ng4 13. Ba3 e4 14. Rac1 Bxc3 15. Rxc3 Qf6 16. Bb2 Rac8 17. Rd1 Qe5 18. Rd5 Qe6 19. Rc1 Nf6 20. Bc3 Nxd5 21. cxd5 Qxd5 22. Bd4 Qa5 23. Qb2 f6 24. Bxf6 Rxf6 25. Qxf6 Qxa2 26. Qc3 d5 27. Bh3 Rf8 28. Be6+ Rf7 29. Bxf7+ Kxf7 30. Qe5 Qxb3 31. Qxc7+ Ke8 32. Qc8+ Ke7 33. Qd7+ Kf8 34. c7 1-0

[Event "Abe Yanofsky mem U1800"]
[Site "Winnipeg CAN"]
[Date "2007.09.02"]
[Round "5"]
[White "Taylor, Evan"]
[Black "Webb, Calvin"]
[Result "1/2-1/2"]
[WhiteElo "1393"]
[BlackElo "1666"]
[PlyCount "60"]
[GameId "2160767910579580"]
[EventDate "2007.09.01"]
[EventType "swiss"]
[EventRounds "5"]
[EventCountry "CAN"]
[SourceTitle "EXT 2022"]
[Source "ChessBase"]
[SourceDate "2021.10.06"]
[SourceVersion "1"]
[SourceVersionDate "2021.10.06"]
[SourceQuality "1"]

1. e4 e6 2. d4 d5 3. Nc3 Nd7 4. Nf3 dxe4 5. Nxe4 Ngf6 6. Ng3 Be7 7. Bd3 O-O 8. O-O c5 9. c3 cxd4 10. Nxd4 a6 11. Bd2 Bc5 12. Nf3 b5 13. Qc2 Re8 14. a4 bxa4 15. Qxa4 Bb7 16. Ne4 Nxe4 17. Bxe4 Bxe4 18. Qxe4 Nf6 19. Qc2 h6 20. h3 Qc7 21. Rfe1 Qb6 22. Be3 Red8 23. Bxc5 Qxc5 24. Red1 Qb6 25. Nd4 e5 26. Qb3 Qxb3 27. Nxb3 Rxd1+ 28. Rxd1 Kf8 29. Nc5 Rb8 30. b4 Rc8 1/2-1/2